Влияние хозяйственной деятельности на водный баланс. [Ч. 2: Сборник статей] (Запись № 6325452)

Подробности
000 -МАРКЕР
контрольное поле 01266nam2a22002531 4500
001 - ИДЕНТИФИКАТОР ЗАПИСИ
контрольное поле rc\3518422
005 - ИДЕНТИФИКАТОР ВЕРСИИ
контрольное поле 20250610031125.0
035 ## - ДРУГИЕ СИСТЕМНЫЕ НОМЕРА
Идентификатор записи (NLR Aleph) 007660427
100 ## - ДАННЫЕ ОБЩЕЙ ОБРАБОТКИ
Данные общей обработки 20130115d1971 |||y0rusy50 ca
101 0# - ЯЗЫК РЕСУРСА
Язык текста, звукозаписи и т.д. русский
102 ## - СТРАНА ПУБЛИКАЦИИ ИЛИ ПРОИЗВОДСТВА
Страна публикации Российская Федерация
105 ## - ПОЛЕ КОДИРОВАННЫХ ДАННЫХ: ТЕКСТОВЫЕ МАТЕРИАЛЫ, МОНОГРАФИЧЕСКИЕ
Кодированные данные о монографическом текстовом документе ab z |||||
200 1# - ЗАГЛАВИЕ И СВЕДЕНИЯ ОБ ОТВЕТСТВЕННОСТИ
Основное заглавие Сборник статей]
Первые сведения об ответственности АН УССР
210 ## - ПУБЛИКАЦИЯ, РАСПРОСТРАНЕНИЕ И ДР.
Дата издания, распространения и т.д. 1971
Место издания, распространения и т.д. Б. м.
215 ## - ФИЗИЧЕСКАЯ ХАРАКТЕРИСТИКА
Специфическое обозначение материала и объем 220, [7] с.
Другие сведения о физической характеристике черт., карт.
320 ## - ПРИМЕЧАНИЯ О НАЛИЧИИ В ДОКУМЕНТЕ БИБЛИОГРАФИИ / УКАЗАТЕЛЯ
Текст примечания Списки лит. в конце статей
461 #0 - УРОВЕНЬ НАБОРА
Встроенное поле 001rc\3518420
-- 2001#$aВлияние хозяйственной деятельности на водный баланс$f[Ред. коллегия: д-р техн. наук, проф. С.М. Перехрест (отв. ред.) и др. Ч. 1]-$gСовет по изучению производит. сил УССР$v[Ч. 2
Системный номер (АБИС) связанной записи 6325435
Место публикации Киев
Дата публикации 1969-
Первые сведения об ответственности [Ред. коллегия: д-р техн. наук, проф. С.М. Перехрест (отв. ред.) и др. Ч. 1]-
Имя издателя, распространителя и т.д. Б. и.
Заглавие Влияние хозяйственной деятельности на водный баланс
Номер тома [Ч. 2
532 13 - РАСШИРЕННОЕ ЗАГЛАВИЕ
Заглавие Сборник статей
801 #0 - ИСТОЧНИК ЗАПИСИ
Страна Российская Федерация
Организация NLR
Правила каталогизации psbo
801 #1 - ИСТОЧНИК ЗАПИСИ
Страна Российская Федерация
Организация ELAR
Источник данных rusmarc
852 ## - МЕСТОНАХОЖДЕНИЕ И ШИФР ХРАНЕНИЯ
Идентификатор организации NLR
Шифр хранения (Call Number) 69-3/9556
942 ## - ДОПОЛНИТЕЛЬНЫЕ ЭЛЕМЕНТЫ ЗАПИСИ (АБИС)
Тип экземпляра АБИС Книга
980 ## - КОЛЛЕКЦИЯ
Название коллекции Национальная библиография
Экземпляры
Тип экземпляра Дата поступления Библиотека постоянного хранения Библиотека текущего хранения Место хранения Шифр хранения Штрих-код Статус экземпляра
Книга 26.10.2013 РНБ (Московский) РНБ (Московский) Русский книжный фонд: издания с 1957 года 69-3/9556 7660427-10